Investment / (Record no. 346775)

000 -LEADER
fixed length control field 00586 a2200193 4500
020 ## - INTERNATIONAL STANDARD BOOK NUMBER
International Standard Book Number 0852975538 (paperback)
020 ## - INTERNATIONAL STANDARD BOOK NUMBER
International Standard Book Number 9780852975534 (paperback)
090 ## - LOCALLY ASSIGNED LC-TYPE CALL NUMBER (OCLC); LOCAL CALL NUMBER (RLIN)
-- 4330
-- 4330
100 1# - MAIN ENTRY--PERSONAL NAME
Personal name Cowdell, J.
245 10 - TITLE STATEMENT
Title Investment /
Statement of responsibility, etc. J. Cowdell.
250 ## - EDITION STATEMENT
Edition statement 5Rev Ed ed.
260 ## - PUBLICATION, DISTRIBUTION, ETC.
Place of publication, distribution, etc. [S.l.] :
Name of publisher, distributor, etc. Financial World Publishing,
Date of publication, distribution, etc. 2000.
300 ## - PHYSICAL DESCRIPTION
Extent 454 p.
490 1# - SERIES STATEMENT
Series statement Acib/degree link textbook.
500 ## - GENERAL NOTE
General note Import.
830 #0 - SERIES ADDED ENTRY--UNIFORM TITLE
Uniform title Acib/degree link textbook.
856 40 - ELECTRONIC LOCATION AND ACCESS
Materials specified Amazon.com
Uniform Resource Identifier <a href="http://www.amazon.com/exec/obidos/ASIN/0852975538/chopaconline-20">http://www.amazon.com/exec/obidos/ASIN/0852975538/chopaconline-20</a>
942 ## - ADDED ENTRY ELEMENTS (KOHA)
Institution code [OBSOLETE] NBS
Koha item type Book
Call number prefix 332.6 COW
Holdings
Withdrawn status Lost status Damaged status Not for loan Permanent Location Current Location Date acquired Total Checkouts Full call number Barcode Date last seen Date last checked out Price effective from Koha item type
        Central Library (CL) Central Library (CL) 08/28/2013 1 332.6 COW NBS4504 11/22/2017 08/02/2017 08/28/2013 Book
© 2023 Central Library, National University of Sciences and Technology. All Rights Reserved.